Gründungsstaaten der Vereinten Nationen (UNO) - Statistiken

Allgemein
  • Dieses Quiz wurde 186 mal gespielt
  • Das Durchschnittsergebnis liegt bei 31 aus 51
Antwortstatistiken
Staaten % Korrekt
Vereinigte Staaten
98%
Frankreich
93%
Kanada
90%
Vereinigtes Königreich
89%
Brasilien
85%
Mexiko
82%
Australien
80%
Argentinien
79%
Chile
76%
Norwegen
76%
Belgien
73%
Neuseeland
73%
Polen
73%
Indien
71%
Niederlande
70%
Kolumbien
69%
Türkei
69%
Dänemark
68%
Peru
68%
Südafrikanische Union
68%
Ägypten
67%
Griechenland
67%
Venezuela
65%
Bolivien
64%
Panama
64%
Sowjetunion
63%
Uruguay
62%
Honduras
61%
Luxemburg
61%
Paraguay
61%
El Salvador
59%
Ecuador
58%
Iran
57%
Nicaragua
57%
Guatemala
55%
Irak
55%
Kuba
55%
Tschechoslowakei
54%
Costa Rica
53%
Saudi-Arabien
53%
Haiti
50%
Jugoslawien
47%
Dominikanische Republik
46%
Äthiopien
43%
Syrien (Mandatsgebiet)
39%
Taiwan
30%
Libanon (Mandatsgebiet)
25%
Ukrainische SSR
25%
Liberia
20%
Philippinen
19%
Belarus
18%
Keine übereinstimmenden Quizze gefunden
Verteilung der Resultate
Anzahl Personen mit jedem Resultat
Perzentil nach korrekt beantworteten Fragen
Ihre Resultats-Entwicklung
Sie haben dieses Quiz noch nicht gespielt